World energy. Outlook 2000 /
Uloženo v:
| Hlavní autor: | |
|---|---|
| Médium: | Kniha |
| Jazyk: | angličtina |
| Vydáno: |
Paris :
OECD,
2000
|
| Vydání: | [1st ed.] |
| Témata: | |
| ISBN: | 9264185135 |
| On-line přístup: |
|
| Tagy: |
Přidat tag
Žádné tagy, Buďte první, kdo vytvoří štítek k tomuto záznamu!
|
MARC
| LEADER | 00000nam a2200000 4500 | ||
|---|---|---|---|
| 003 | SK-BrCVT | ||
| 005 | 20220621155249.0 | ||
| 008 | 010202s2000 fr e ||||||eng d | ||
| 020 | |a 9264185135 | ||
| 035 | |a CVTIDW0957017 | ||
| 040 | |b slo |a CVTI SR | ||
| 041 | 0 | |a eng | |
| 044 | |a fr | ||
| 080 | |a 620.9 |2 UDC-MRF | ||
| 100 | 1 | |a Birol, Fatih | |
| 242 | 1 | 0 | |a Svetová energia. Prehľad 2000 |
| 245 | 1 | 0 | |a World energy. Outlook 2000 / |c Prepared By: Fatih Birol and Co. |
| 250 | |a [1st ed.] | ||
| 260 | |a Paris : |b OECD, |c 2000 | ||
| 300 | |a 457 s. : |b grafy, lit., tab. ; | ||
| 653 | 1 | |a olej |a plyn |a uhlie |a ropa |a makroekonomika | |
| 655 | 4 | |a prehľady | |
| 710 | 0 | |a Organisation for Economic Co-operation and Development, OECD (Paris, France) |4 pbl | |
| 710 | 1 | |a International Energy Agency, IEA (Paris, France) |4 oth | |
| 910 | |b A576205 | ||
| 919 | |a 92-64-18513-5 | ||
| 974 | |f Knihy | ||
| 992 | |a APH | ||
| 999 | |c 121524 |d 121524 | ||

